[Event "Mauricie op U1400"]
[Site "Trois-Rivieres CAN"]
[Date "2014.03.15"]
[Round "2"]
[White "Poirier, Alexis"]
[Black "Gervais, Marcel"]
[Result "1-0"]
[WhiteElo "1319"]
[BlackElo "1285"]
[PlyCount "93"]
[EventDate "2014.03.14"]
[EventType "swiss"]
[EventRounds "5"]
[EventCountry "CAN"]

1. e4 c6 2. d4 d5 3. Nc3 dxe4 4. Nxe4 Bf5 5. Ng3 Bg6 6. h4 h6 7. h5 Bh7 8. Bd3
Bxd3 9. Qxd3 Nf6 10. c4 e5 11. Nf3 exd4 12. Nxd4 Bc5 13. Qe2+ Kd7 14. Qd2 Kc7
15. Ndf5 Re8+ 16. Kf1 Bb4 17. Qxd8+ Kxd8 18. Be3 Ng4 19. Bd4 Nd7 20. Bxg7 Bc5
21. f3 Ne3+ 22. Nxe3 Bxe3 23. Nf5 Re6 24. Nxe3 Rxe3 25. Bxh6 Re6 26. Bg5+ Kc7
27. h6 Rh8 28. Bd2 Nc5 29. Re1 Rg6 30. Re7+ Kd8 31. Rxf7 Ke8 32. Rf5 Nd3 33. h7
Rg7 34. Rfh5 Kf7 35. Bc3 b5 36. Bxg7 Kxg7 37. cxb5 c5 38. Rd5 c4 39. Rd7+ Kg6
40. Rxa7 Re8 41. Kg1 Re1+ 42. Kh2 Re8 43. Kg3 Rh8 44. b3 c3 45. Rc7 Kg5 46.
Rxc3 Nf4 47. Rc5+ 1-0

[Event "Mauricie op U1400"]
[Site "Trois-Rivieres CAN"]
[Date "2014.03.15"]
[Round "2"]
[White "Soskic, Milan"]
[Black "Pietka, Krystyn"]
[Result "1-0"]
[WhiteElo "1310"]
[BlackElo "1175"]
[PlyCount "87"]
[EventDate "2014.03.14"]
[EventType "swiss"]
[EventRounds "5"]
[EventCountry "CAN"]

1. d4 Nf6 2. Nf3 e6 3. e3 Bd6 4. Bd3 Nc6 5. a3 b6 6. Nbd2 Bb7 7. b3 Qe7 8. Bb2
a6 9. Qe2 b5 10. c4 bxc4 11. bxc4 Qd8 12. O-O O-O 13. Ne5 h6 14. f4 g6 15. g4
Nh7 16. Ndf3 Nxe5 17. Nxe5 Bxe5 18. fxe5 c6 19. c5 Qh4 20. Bc3 Qe7 21. Ba5 h5
22. Rf2 hxg4 23. Qxg4 Qg5 24. Qxg5 Nxg5 25. Rf6 Kg7 26. h4 Nh7 27. Rf2 Rh8 28.
Raf1 Raf8 29. Rg2 f5 30. exf6+ Rxf6 31. Rxf6 Nxf6 32. Rxg6+ Kf7 33. Be1 Rg8 34.
Rxg8 Kxg8 35. Kf1 Kg7 36. e4 Kh6 37. e5 Nd5 38. Bd2+ Kh5 39. Bg5 a5 40. Kf2 a4
41. Be2+ Kg6 42. Bd2 Kf5 43. h5 Ne7 44. Kf3 1-0

[Event "Mauricie op U1400"]
[Site "Trois-Rivieres CAN"]
[Date "2014.03.15"]
[Round "2"]
[White "Tremblay, Alain2"]
[Black "Frechette, Rejean"]
[Result "0-1"]
[WhiteElo "1363"]
[BlackElo "1288"]
[PlyCount "122"]
[EventDate "2014.03.14"]
[EventType "swiss"]
[EventRounds "5"]
[EventCountry "CAN"]

1. e4 e6 2. Nf3 d5 3. e5 c5 4. c3 Qb6 5. d4 Nc6 6. b3 cxd4 7. cxd4 Nge7 8. Be2
Nf5 9. O-O Ncxd4 10. Nxd4 Qxd4 11. Bb5+ Bd7 12. Bxd7+ Kxd7 13. Qxd4 Nxd4 14.
Na3 a6 15. Rb1 Rc8 16. Bb2 Nc6 17. Rfd1 Bc5 18. Rbc1 Ba7 19. Nc4 b5 20. Nd6 Rc7
21. a3 Rf8 22. Kf1 f6 23. Ne4 fxe5 24. f3 d4 25. b4 Ne7 26. Rxc7+ Kxc7 27. Rc1+
Kd7 28. Nc5+ Bxc5 29. Rxc5 Nc6 30. Ke2 g5 31. g4 Kd6 32. Bc1 h6 33. h4 Rg8 34.
Kd3 Ne7 35. hxg5 hxg5 36. Ke4 Nd5 37. Rc2 Nc3+ 38. Kd3 Rf8 39. Rf2 Rg8 40. Bd2
Nb1 41. Bc1 Nc3 42. Bb2 Nd1 43. Rd2 Nxb2+ 44. Rxb2 Rc8 45. Rb3 Rc1 46. Kd2 Rf1
47. Ke2 Ra1 48. Kd2 Kd5 49. Kc2 e4 50. fxe4+ Kxe4 51. Kb2 Re1 52. Kc2 Re3 53.
Rxe3+ Kxe3 54. Kd1 d3 55. Ke1 d2+ 56. Kd1 Kf3 57. Kxd2 Kxg4 58. Ke2 Kg3 59. Kf1
Kh2 60. Kf2 g4 61. Kf1 g3 0-1

[Event "Mauricie op U1400"]
[Site "Trois-Rivieres CAN"]
[Date "2014.03.15"]
[Round "3"]
[White "Zhong, Wenxuan"]
[Black "Poirier, Alexis"]
[Result "0-1"]
[WhiteElo "1388"]
[BlackElo "1319"]
[PlyCount "36"]
[EventDate "2014.03.14"]
[EventType "swiss"]
[EventRounds "5"]
[EventCountry "CAN"]

1. e4 c5 2. Nf3 d6 3. d4 cxd4 4. Nxd4 Nf6 5. Nc3 a6 6. Bd3 e5 7. Nf3 Nc6 8. h3
h6 9. O-O Be6 10. Re1 Rc8 11. Be3 Be7 12. Qd2 O-O 13. Nh4 Nxe4 14. Nxe4 Bxh4
15. Nxd6 Rb8 16. Ba7 Nxa7 17. Rxe5 Qb6 18. c3 Bg3 0-1

[Event "Mauricie op U1400"]
[Site "Trois-Rivieres CAN"]
[Date "2014.03.16"]
[Round "4"]
[White "Poirier, Alexis"]
[Black "Bernatchez, Lucas"]
[Result "1-0"]
[WhiteElo "1319"]
[BlackElo "1343"]
[PlyCount "99"]
[EventDate "2014.03.14"]
[EventType "swiss"]
[EventRounds "5"]
[EventCountry "CAN"]

1. e4 c5 2. Nf3 Nc6 3. d4 cxd4 4. Nxd4 e5 5. Nb5 d6 6. N1c3 a6 7. Na3 Nf6 8.
Bg5 Be6 9. Nc4 Qc7 10. Bxf6 gxf6 11. Ne3 Qa5 12. Qd2 Nd4 13. Ncd5 Qxd2+ 14.
Kxd2 Kd8 15. Nxf6 Bh6 16. Bd3 Bg5 17. Nh5 Rg8 18. Ng3 Rc8 19. c3 Nc6 20. Ke2
Ne7 21. Rhe1 Rc5 22. Kf1 Kd7 23. Re2 Ng6 24. Nh5 h6 25. h3 b5 26. a4 Bxe3 27.
Rxe3 Ke7 28. axb5 axb5 29. Ra7+ Bd7 30. Rxd7+ Kxd7 31. Nf6+ Ke6 32. Nxg8 b4 33.
Rf3 Nf4 34. Bc2 Ra5 35. Bb3+ Kd7 36. Nf6+ Kd8 37. Ke1 Nxg2+ 38. Kd2 bxc3+ 39.
Rxc3 Nf4 40. Nd5 Ng6 41. Rc6 Kd7 42. Rc7+ Kd8 43. Rxf7 Rb5 44. Kc3 h5 45. Rg7
Nh4 46. Ba4 Rc5+ 47. Kb4 Kc8 48. Bb5 Nf3 49. Nb6+ Kd8 50. Rd7+ 1-0

[Event "Mauricie op U1400"]
[Site "Trois-Rivieres CAN"]
[Date "2014.03.16"]
[Round "5"]
[White "Frechette, Rejean"]
[Black "Poirier, Alexis"]
[Result "1/2-1/2"]
[WhiteElo "1288"]
[BlackElo "1319"]
[PlyCount "96"]
[EventDate "2014.03.14"]
[EventType "swiss"]
[EventRounds "5"]
[EventCountry "CAN"]

1. e4 c5 2. Nf3 d6 3. d4 cxd4 4. Nxd4 Nf6 5. Nc3 a6 6. Bd3 e5 7. Nf3 Nc6 8. h3
h6 9. O-O Be6 10. a3 Rc8 11. Be3 Be7 12. Nd2 b5 13. f4 Na5 14. f5 Nc4 15. Bxc4
Bxc4 16. Rf2 d5 17. exd5 Nxd5 18. Nxd5 Bxd5 19. b3 Rc3 20. Nf1 Rc6 21. Rd2 Rd6
22. Bc5 Rd7 23. Bxe7 Kxe7 24. Qe1 f6 25. Qe3 Qc7 26. Rad1 Rhd8 27. Ng3 Bf7 28.
Rxd7+ Rxd7 29. Rxd7+ Kxd7 30. Qd3+ Qd6 31. b4 Qxd3 32. cxd3 Kc6 33. Kf2 Kd5 34.
Ke3 Be8 35. Ne4 Bd7 36. g4 Kc6 37. Nc5 Bc8 38. Ke4 Kd6 39. d4 exd4 40. Kxd4 Kc6
41. Ne4 Bd7 42. h4 Kb6 43. h5 Kc6 44. Nc3 Kd6 45. Ke4 Kc6 46. Nd5 Kd6 47. Nf4
Bc6+ 48. Ke3 Bd7 1/2-1/2

[Event "Mauricie op U1700"]
[Site "Trois-Rivieres CAN"]
[Date "2014.03.14"]
[Round "1"]
[White "Bolduc, Olivier"]
[Black "Dallaire, Michel"]
[Result "1/2-1/2"]
[WhiteElo "1402"]
[BlackElo "1511"]
[PlyCount "62"]
[EventDate "2014.03.14"]
[EventType "swiss"]
[EventRounds "5"]
[EventCountry "CAN"]

1. d4 f5 2. g3 Nf6 3. Bg2 g6 4. Nf3 Bg7 5. c4 O-O 6. Nc3 d6 7. O-O c6 8. Re1 d5
9. cxd5 cxd5 10. Ne5 e6 11. f3 a6 12. e4 Nbd7 13. Nxd7 Qxd7 14. e5 Ne8 15. Be3
b5 16. Rc1 Bb7 17. Nb1 Nc7 18. Nd2 Rac8 19. Nb3 Na8 20. Nc5 Qf7 21. Qd2 Nb6 22.
b3 Na8 23. Qa5 Rc6 24. Rc2 Rfc8 25. Rec1 Qe7 26. Qd2 Nb6 27. Bg5 Qf7 28. h4 Na8
29. Kf2 Nb6 30. Bf4 Bf8 31. Bg5 Na8 1/2-1/2

[Event "Mauricie op U1700"]
[Site "Trois-Rivieres CAN"]
[Date "2014.03.14"]
[Round "1"]
[White "Bonneville-Roussy, Didier"]
[Black "Cyrenne, Dany"]
[Result "0-1"]
[WhiteElo "1358"]
[BlackElo "1492"]
[PlyCount "58"]
[EventDate "2014.03.14"]
[EventType "swiss"]
[EventRounds "5"]
[EventCountry "CAN"]

1. d4 d5 2. c4 c6 3. g3 dxc4 4. a4 e5 5. Nf3 exd4 6. Qxd4 Qxd4 7. Nxd4 Bc5 8.
Be3 Na6 9. Bg2 Nb4 10. O-O Ne7 11. Na3 Nbd5 12. Nxc4 Nxe3 13. fxe3 O-O 14. Ne5
Be6 15. Rac1 Bb6 16. Kh1 Bd5 17. b4 Bxg2+ 18. Kxg2 Nd5 19. Rf3 Nxe3+ 20. Rxe3
Bxd4 21. Re4 Rfe8 22. Rxd4 Rxe5 23. Kf3 Rae8 24. e4 f5 25. Rd7 R5e7 26. Rxe7
Rxe7 27. Rc5 fxe4+ 28. Kg4 g6 29. Kg5 b5 0-1

[Event "Mauricie op U1700"]
[Site "Trois-Rivieres CAN"]
[Date "2014.03.14"]
[Round "1"]
[White "Bonneville-Roussy, Didier"]
[Black "Cyrenne, Dany"]
[Result "0-1"]
[WhiteElo "1358"]
[BlackElo "1492"]
[PlyCount "47"]
[EventDate "2014.03.14"]
[EventType "swiss"]
[EventRounds "5"]
[EventCountry "CAN"]

1. d4 d5 2. c4 c6 3. g3 dxc4 4. a4 e5 5. Nf3 exd4 6. Qxd4 Qxd4 7. Nxd4 Bc5 8.
Be3 Na6 9. Bg2 Nb4 10. O-O Ne7 11. Na3 Nbd5 12. Nxc4 Nxe3 13. fxe3 O-O 14. Ne5
Be6 15. Rac1 Bb6 16. Kh1 Bd5 17. h4 Bxg2+ 18. Kxg2 Nd5 19. Rf3 Nxe3+ 20. Rxe3
Bxd4 21. Re4 Bxe5 22. Rxe5 Rae8 23. Rxe8 Rxe8 24. Rc3 0-1

[Event "Mauricie op U1700"]
[Site "Trois-Rivieres CAN"]
[Date "2014.03.14"]
[Round "1"]
[White "Bourassa, Louis"]
[Black "Sanscartier, Pierre"]
[Result "1-0"]
[WhiteElo "1533"]
[BlackElo "1537"]
[PlyCount "72"]
[EventDate "2014.03.14"]
[EventType "swiss"]
[EventRounds "5"]
[EventCountry "CAN"]

1. e4 c6 2. d4 d5 3. e5 Bf5 4. Nc3 e6 5. g4 Bg6 6. Nge2 h6 7. Nf4 Bh7 8. Bd3
Bxd3 9. Qxd3 Qh4 10. h3 Nd7 11. Be3 O-O-O 12. O-O-O Bb4 13. Rdf1 Qe7 14. Nfe2
a6 15. f4 c5 16. f5 c4 17. Qd1 f6 18. fxe6 Qxe6 19. Nf4 Qc6 20. Nfxd5 Bxc3 21.
Nxc3 Nxe5 22. d5 Qd6 23. Qe2 Ne7 24. Rd1 N7g6 25. Ne4 Qc7 26. Nc5 Rd6 27. Qf2
Nf8 28. Qf5+ Kb8 29. Bf4 Qxc5 30. Rhe1 Rxd5 31. Rxd5 Qxd5 32. Rd1 Qc6 33. Bxe5+
fxe5 34. Rd8+ Ka7 35. Qf2+ Qb6 36. Ra8+ Kxa8 1-0

[Event "Mauricie op U1700"]
[Site "Trois-Rivieres CAN"]
[Date "2014.03.14"]
[Round "1"]
[White "Fournelle, Patrick"]
[Black "Berthiaume, Yves"]
[Result "0-1"]
[WhiteElo "1498"]
[BlackElo "1372"]
[PlyCount "84"]
[EventDate "2014.03.14"]
[EventType "swiss"]
[EventRounds "5"]
[EventCountry "CAN"]

1. e4 c6 2. d4 d5 3. exd5 cxd5 4. c4 Nf6 5. c5 g6 6. Nf3 Bg7 7. Be2 O-O 8. O-O
Nc6 9. a3 Re8 10. Nc3 e5 11. Bb5 Bg4 12. dxe5 Rxe5 13. Bf4 Re6 14. Rc1 Bxf3 15.
Qxf3 Ne7 16. Ne2 Ne4 17. b4 Rc8 18. Rfd1 Nc6 19. Bxc6 bxc6 20. Nd4 Bxd4 21.
Rxd4 Qe8 22. Rdd1 Qd7 23. Qd3 Qb7 24. f3 Nf6 25. Qc3 a6 26. Bg5 Nh5 27. Bh6 f6
28. Re1 Rce8 29. Rxe6 Rxe6 30. Re1 Qe7 31. Rxe6 Qxe6 32. g4 Ng7 33. g5 Nf5 34.
Kf2 Kf7 35. a4 Qe5 36. Qxe5 fxe5 37. b5 cxb5 38. axb5 axb5 39. Ke2 Ke7 40. Kd3
Kd7 41. Bf8 Kc6 42. Kc3 Nh4 0-1

[Event "Mauricie op U1700"]
[Site "Trois-Rivieres CAN"]
[Date "2014.03.14"]
[Round "1"]
[White "Gendron, Roger"]
[Black "Bergeron, Jean-Guy"]
[Result "0-1"]
[WhiteElo "1486"]
[BlackElo "1337"]
[PlyCount "117"]
[EventDate "2014.03.14"]
[EventType "swiss"]
[EventRounds "5"]
[EventCountry "CAN"]

1. c4 c5 2. Nc3 Nf6 3. g3 d5 4. cxd5 Nxd5 5. Bg2 Nc7 6. Nf3 Nc6 7. d3 e5 8. O-O
Be7 9. Ne4 Ne6 10. Be3 f5 11. Nc3 O-O 12. Rc1 f4 13. Bd2 Kh8 14. Ne4 Qb6 15.
Bc3 Ned4 16. Qd2 Nxf3+ 17. Bxf3 Bh3 18. Bg2 Be6 19. a3 Nd4 20. Bxd4 cxd4 21. b4
a5 22. bxa5 Rxa5 23. Rb1 Rb5 24. Rxb5 Qxb5 25. Ra1 Qb3 26. a4 Bb4 27. Qd1 Qxd1+
28. Rxd1 Ra8 29. Ng5 Bc8 30. Rc1 Bc3 31. Rb1 h6 32. Nf7+ Kg8 33. Nxe5 fxg3 34.
hxg3 Rxa4 35. Bxb7 Bxb7 36. Rxb7 Ra1+ 37. Kg2 Ra2 38. Kf3 Ra5 39. Nc4 Rf5+ 40.
Kg2 Be1 41. f3 Rf6 42. Rb6 Rxb6 43. Nxb6 Kf7 44. Kf1 Bd2 45. Nc4 Bc1 46. Kf2
Ke6 47. e3 dxe3+ 48. Nxe3 g5 49. g4 Bxe3+ 50. Kxe3 Ke5 51. d4+ Kd5 52. Kd3 Ke6
53. Ke4 Kd6 54. d5 Ke7 55. Ke5 Kd7 56. d6 Ke8 57. Kf6 Kd7 58. Kg6 Kxd6 59. Kxh6
0-1

[Event "Mauricie op U1700"]
[Site "Trois-Rivieres CAN"]
[Date "2014.03.14"]
[Round "1"]
[White "Gignac, Guy"]
[Black "Ouimet, Olivier"]
[Result "1-0"]
[WhiteElo "1521"]
[BlackElo "1409"]
[PlyCount "61"]
[EventDate "2014.03.14"]
[EventType "swiss"]
[EventRounds "5"]
[EventCountry "CAN"]

1. d4 a6 2. c4 b5 3. e4 Bb7 4. d5 bxc4 5. Bxc4 c6 6. Qb3 Qc7 7. dxc6 Bxc6 8.
Bxf7+ Kd8 9. Nc3 Nf6 10. Bd5 e6 11. Bxc6 Nxc6 12. Nf3 Rb8 13. Qd1 Bb4 14. Bg5
Qa5 15. O-O Bxc3 16. bxc3 Qxc3 17. Rc1 Qb2 18. Rxc6 h6 19. Bxf6+ gxf6 20. Rxe6
Qxa2 21. Rxf6 Rb5 22. Qa1 Ra5 23. Rxa6 Rxa6 24. Qxh8+ Kc7 25. Rc1+ Kb7 26. Qc8+
Kb6 27. Qb8+ Ka5 28. Rc5+ Ka4 29. Qb5+ Ka3 30. Rc3+ Qb3 31. Qxb3# 1-0

[Event "Mauricie op U1700"]
[Site "Trois-Rivieres CAN"]
[Date "2014.03.14"]
[Round "1"]
[White "Hebert, Pierre"]
[Black "Collin-Deslauriers, Hugo"]
[Result "0-1"]
[WhiteElo "1599"]
[BlackElo "1693"]
[PlyCount "54"]
[EventDate "2014.03.14"]
[EventType "swiss"]
[EventRounds "5"]
[EventCountry "CAN"]

1. d4 e6 2. c4 c5 3. e3 Nf6 4. Nf3 d5 5. Nc3 Nc6 6. cxd5 exd5 7. Bd3 Be7 8. Bd2
O-O 9. Rc1 cxd4 10. Nxd4 Nxd4 11. exd4 Re8 12. O-O Bd6 13. Re1 Be6 14. Bb5
Bxh2+ 15. Kxh2 Ng4+ 16. Kg3 h5 17. Rxe6 Rxe6 18. Bd3 g5 19. Bf5 Qd6+ 20. f4
gxf4+ 21. Kf3 Rf6 22. Bxg4 hxg4+ 23. Kf2 f3 24. g3 Re8 25. Bf4 Rxf4 26. gxf4
Qxf4 27. Qg1 Qe3+ 0-1

[Event "Mauricie op U1700"]
[Site "Trois-Rivieres CAN"]
[Date "2014.03.14"]
[Round "1"]
[White "Huang, Qiuyu"]
[Black "Garceau, Steve"]
[Result "1-0"]
[WhiteElo "1588"]
[BlackElo "1687"]
[PlyCount "59"]
[EventDate "2014.03.14"]
[EventType "swiss"]
[EventRounds "5"]
[EventCountry "CAN"]

1. e4 c5 2. Nf3 Nc6 3. d4 cxd4 4. Nxd4 a6 5. Nc3 e6 6. Be3 Bb4 7. Bc4 Nge7 8.
Qg4 Ng6 9. Nxc6 Bxc3+ 10. bxc3 bxc6 11. O-O d5 12. Rad1 O-O 13. Bb3 Qh4 14.
Qxh4 Nxh4 15. exd5 cxd5 16. c4 dxc4 17. Bxc4 Bb7 18. f3 a5 19. Bb5 Ba6 20. c4
Bxb5 21. cxb5 Nf5 22. Bf2 a4 23. b6 e5 24. Rd7 Nd4 25. Bxd4 exd4 26. Rxd4 Rfb8
27. Rb4 Rb7 28. Rc1 g6 29. Kf2 Kg7 30. Rc6 1-0

[Event "Mauricie op U1700"]
[Site "Trois-Rivieres CAN"]
[Date "2014.03.14"]
[Round "1"]
[White "Lacombe, Gaetan"]
[Black "Jean, Pierre"]
[Result "1/2-1/2"]
[WhiteElo "1507"]
[BlackElo "1401"]
[PlyCount "48"]
[EventDate "2014.03.14"]
[EventType "swiss"]
[EventRounds "5"]
[EventCountry "CAN"]

1. d4 c6 2. c4 d5 3. e3 Nf6 4. Nc3 Bf5 5. Nf3 e6 6. Bd3 Bxd3 7. Qxd3 dxc4 8.
Qxc4 Nbd7 9. O-O Be7 10. a3 O-O 11. b4 Nd5 12. Nxd5 cxd5 13. Qd3 Nf6 14. Bb2
Bd6 15. Rac1 Rc8 16. Rxc8 Qxc8 17. Rc1 Qb8 18. h3 Rc8 19. Nd2 Rxc1+ 20. Bxc1
Be7 21. Qc2 b5 22. Nb3 Ne4 23. Nd2 Nxd2 24. Qxd2 Qc7 1/2-1/2

[Event "Mauricie op U1700"]
[Site "Trois-Rivieres CAN"]
[Date "2014.03.14"]
[Round "1"]
[White "Lessard, Sylvain"]
[Black "Lord, Daniel"]
[Result "1/2-1/2"]
[WhiteElo "1634"]
[BlackElo "1581"]
[PlyCount "151"]
[EventDate "2014.03.14"]
[EventType "swiss"]
[EventRounds "5"]
[EventCountry "CAN"]

1. e4 d5 2. exd5 Qxd5 3. Nc3 Qa5 4. d4 e5 5. dxe5 Bb4 6. Bd2 Qxe5+ 7. Qe2 Qxe2+
8. Bxe2 Ne7 9. Bf3 O-O 10. Nge2 Nd7 11. Bf4 Ba5 12. O-O Nc5 13. a3 Ne6 14. Bg3
Nf5 15. b4 Nxg3 16. hxg3 Bb6 17. Nd5 Nd4 18. Nxd4 Bxd4 19. Rad1 Bb2 20. Nxc7
Rb8 21. a4 Bf5 22. c4 Rfc8 23. Nd5 Kf8 24. Rd2 Be5 25. Re1 f6 26. g4 Be6 27. c5
a5 28. Rc2 Bxd5 29. Bxd5 axb4 30. g5 Bc3 31. Re6 Rxc5 32. Bb3 Rxg5 33. Rce2 Re5
34. R2xe5 Bxe5 35. Rb6 Bc3 36. a5 Ra8 37. Rxb7 Rxa5 38. Rf7+ Ke8 39. Rxg7 Ra1+
40. Kh2 h5 41. Rb7 Ra5 42. Kh3 Rf5 43. f3 Be1 44. Rh7 h4 45. Rb7 Bc3 46. Rh7
Be1 47. Rb7 Rf4 48. Ba4+ Kf8 49. Bb3 Rf5 50. Rd7 Ke8 51. Ba4 Kf8 52. Bb3 Bg3
53. Rd5 Re5 54. Rxe5 fxe5 55. Kg4 Ke7 56. Kf5 Kd6 57. Ke4 Kd7 58. Kd5 Ke7 59.
Kc5 Be1 60. Kd5 Kf6 61. Ke4 Bc3 62. Bc4 Ke7 63. f4 exf4 64. Kxf4 Kd6 65. Kg4
Kc5 66. Bg8 Be1 67. Kf3 Kd4 68. Ke2 Bc3 69. Kd1 Kd3 70. Kc1 Bd4 71. Bd5 Kc3 72.
Kb1 b3 73. Be4 Kd2 74. Bf3 Kc3 75. Bd5 b2 76. Be6 1/2-1/2

[Event "Mauricie op U1700"]
[Site "Trois-Rivieres CAN"]
[Date "2014.03.14"]
[Round "1"]
[White "Miron, Gilles"]
[Black "Selmani, Sam"]
[Result "0-1"]
[WhiteElo "1398"]
[BlackElo "1504"]
[PlyCount "116"]
[EventDate "2014.03.14"]
[EventType "swiss"]
[EventRounds "5"]
[EventCountry "CAN"]

1. e4 c5 2. Nc3 d6 3. f4 g6 4. Nf3 Bg7 5. Bc4 e6 6. a3 Nc6 7. O-O Nge7 8. Ne2
O-O 9. c3 d5 10. exd5 Nxd5 11. d3 Nce7 12. Ng3 Qc7 13. Ng5 b6 14. Bd2 Bb7 15.
Rc1 Rad8 16. Qg4 Nf6 17. Qh3 Ned5 18. N3e4 h6 19. Nxf6+ Nxf6 20. Nf3 Nd5 21.
Bxd5 Rxd5 22. Ne5 Qe7 23. c4 Rdd8 24. Bc3 Rfe8 25. Ng4 Bxc3 26. bxc3 h5 27. Ne5
Kg7 28. Qe3 Rh8 29. Nf3 Qd6 30. Rcd1 Rd7 31. Rd2 Bxf3 32. Rxf3 Qe7 33. d4 cxd4
34. cxd4 Rc8 35. Qe2 Rdc7 36. Rc2 Qf6 37. Qd3 Rd8 38. Rd2 Rcd7 39. Qe4 Rxd4 40.
Rxd4 Qxd4+ 41. Re3 Qxe4 42. Rxe4 Kf6 43. Kf2 Rd3 44. a4 Kf5 45. Re3 Rd4 46. g3
Rxc4 47. Kf3 Rxa4 48. Re5+ Kf6 49. Rb5 Ra5 50. Rb3 b5 51. h3 a6 52. g4 hxg4+
53. hxg4 Ra4 54. Re3 b4 55. g5+ Ke7 56. Ke4 Ra3 57. Re2 b3 58. Re3 b2 0-1

[Event "Mauricie op U1700"]
[Site "Trois-Rivieres CAN"]
[Date "2014.03.14"]
[Round "1"]
[White "Ollivier, Laurent"]
[Black "Laurin, Marcel"]
[Result "1-0"]
[WhiteElo "1539"]
[BlackElo "1623"]
[PlyCount "143"]
[EventDate "2014.03.14"]
[EventType "swiss"]
[EventRounds "5"]
[EventCountry "CAN"]

1. d4 d5 2. c4 e5 3. dxe5 d4 4. Nf3 Nc6 5. e3 Bb4+ 6. Bd2 dxe3 7. fxe3 f6 8.
Be2 Bxd2+ 9. Nbxd2 fxe5 10. Qc2 Nf6 11. Rd1 Qe7 12. O-O O-O 13. c5 Ng4 14. h3
Nh6 15. Bd3 Nf5 16. Rde1 Be6 17. a3 Rad8 18. b4 a6 19. Nc4 Bxc4 20. Qxc4+ Kh8
21. Qe4 g6 22. Kh2 Rxd3 23. Qxd3 e4 24. Qc3+ Kg8 25. Nd2 Qh4 26. Qc4+ Kg7 27.
Qxe4 Qg3+ 28. Kh1 Qxe1 29. Qxf5 Qxf1+ 30. Qxf1 Rxf1+ 31. Nxf1 Kf6 32. Kg1 Ne5
33. Nd2 Nd3 34. Kf1 b5 35. cxb6 cxb6 36. Ke2 Ne5 37. Ne4+ Kf5 38. Nc3 Ke6 39.
e4 b5 40. a4 bxa4 41. Nxa4 Nd7 42. Kd3 Kd6 43. Kd4 Ne5 44. Nc5 Nc6+ 45. Kc4 Nb8
46. h4 Ke5 47. g3 Nc6 48. Kc3 h5 49. Kc4 Nb8 50. Kd3 Kd6 51. Nb7+ Ke5 52. Na5
Nd7 53. Nc4+ Ke6 54. Kd4 Nf6 55. Ne5 Ng4 56. Nxg4 hxg4 57. e5 Ke7 58. Ke4 Kf7
59. Kd5 Ke7 60. e6 Ke8 61. Kd6 Kd8 62. Kc6 Ke7 63. Kb6 Kxe6 64. Kxa6 Ke5 65. b5
Ke4 66. b6 Kf3 67. b7 Kxg3 68. b8=Q+ Kxh4 69. Qh2+ Kg5 70. Qg3 Kf5 71. Kb5 g5
72. Kc5 1-0

[Event "Mauricie op U1700"]
[Site "Trois-Rivieres CAN"]
[Date "2014.03.14"]
[Round "1"]
[White "Toscani, Marco"]
[Black "Labrecque, Rejean"]
[Result "1/2-1/2"]
[WhiteElo "1552"]
[BlackElo "1640"]
[PlyCount "107"]
[EventDate "2014.03.14"]
[EventType "swiss"]
[EventRounds "5"]
[EventCountry "CAN"]

1. d4 d5 2. Nf3 Nf6 3. Bf4 e6 4. c4 Bb4+ 5. Nbd2 O-O 6. c5 c6 7. a3 Ba5 8. b4
Bc7 9. Bxc7 Qxc7 10. Ne5 a5 11. e3 Nbd7 12. Nxd7 Bxd7 13. Bd3 axb4 14. axb4 e5
15. O-O e4 16. Be2 b5 17. Nb3 Ra7 18. Na5 Be6 19. f4 exf3 20. Bxf3 Bf5 21. Qe1
Ne4 22. g4 Bg6 23. Ra2 Ng5 24. h4 Nxf3+ 25. Rxf3 Be4 26. Rf4 Qd7 27. Qg3 Qe6
28. Raf2 Re7 29. g5 Bg6 30. R2f3 Bh5 31. Rf6 Qg4 32. R6f4 Qd7 33. Rf1 Rfe8 34.
Re1 Re6 35. Kf2 R8e7 36. Rf6 Qe8 37. Rxe6 fxe6 38. Qd6 Qf7+ 39. Kg1 Qf3 40. Qf4
Qxf4 41. exf4 Be8 42. Kf2 Kf7 43. Kg3 h5 44. gxh6 gxh6 45. f5 exf5 46. Rxe7+
Kxe7 47. Kf4 Kf6 48. Nb7 Bd7 49. Nd6 Be6 50. Ne8+ Ke7 51. Nd6 Kf6 52. Ne8+ Ke7
53. Nd6 Kf6 54. Ne8+ 1/2-1/2

[Event "Mauricie op U1700"]
[Site "Trois-Rivieres CAN"]
[Date "2014.03.14"]
[Round "1"]
[White "Tremblay, Michel"]
[Black "Poirier, Vincent"]
[Result "0-1"]
[WhiteElo "1612"]
[BlackElo "1537"]
[PlyCount "112"]
[EventDate "2014.03.14"]
[EventType "swiss"]
[EventRounds "5"]
[EventCountry "CAN"]

1. e4 e6 2. d4 d5 3. Nc3 Bb4 4. e5 c5 5. a3 Bxc3+ 6. bxc3 Ne7 7. a4 Nbc6 8. Ne2
O-O 9. Ng3 Qc7 10. Bd3 cxd4 11. cxd4 Nb4 12. Ba3 Qc3+ 13. Kf1 Nxd3 14. cxd3 Re8
15. Ne2 Qa5 16. Rc1 Bd7 17. Rc5 Qd8 18. g4 Ng6 19. Qc2 Rc8 20. f4 b6 21. Rxc8
Qxc8 22. Qb3 Qa6 23. Kf2 Rc8 24. Ra1 Qxa4 25. Qxa4 Bxa4 26. Bd6 Bb5 27. Rxa7
Bxd3 28. f5 exf5 29. Ke3 Bxe2 30. gxf5 Nh4 31. Kxe2 Nxf5 32. Kd3 Nxd6 33. exd6
g6 34. Rb7 Rd8 35. Rxb6 Rd7 36. Rc6 Kg7 37. Ke3 Kf6 38. Kf4 h6 39. h4 Ke6 40.
Rc8 Rxd6 41. Rh8 h5 42. Re8+ Kf6 43. Re5 Kg7 44. Re7 Re6 45. Rd7 Re4+ 46. Kg3
Rxd4 47. Kh3 Rd3+ 48. Kg2 Kf6 49. Kf2 Ke6 50. Rd8 d4 51. Ke2 Re3+ 52. Kd2 Re4
53. Re8+ Kf5 54. Rf8 f6 55. Rg8 Rxh4 56. Kd3 Rf4 0-1

[Event "Mauricie op U1700"]
[Site "Trois-Rivieres CAN"]
[Date "2014.03.15"]
[Round "2"]
[White "Collin-Deslauriers, Hugo"]
[Black "Ollivier, Laurent"]
[Result "0-1"]
[WhiteElo "1693"]
[BlackElo "1539"]
[PlyCount "42"]
[EventDate "2014.03.14"]
[EventType "swiss"]
[EventRounds "5"]
[EventCountry "CAN"]

1. e4 e5 2. f4 d6 3. Nf3 Bg4 4. Bc4 Nf6 5. fxe5 Bxf3 6. Qxf3 dxe5 7. Qb3 Bc5 8.
Qb5+ Nbd7 9. Qxb7 Rb8 10. Qc6 Rb6 11. Qa4 Rb4 12. Qa6 O-O 13. d3 Rb6 14. Qa4
Rb4 15. Qa5 Nxe4 16. dxe4 Rxc4 17. Nd2 Qh4+ 18. Kd1 Qg4+ 19. Ke1 Rxe4+ 20. Nxe4
Qxe4+ 21. Kd1 Qg4+ 0-1

[Event "Mauricie op U1700"]
[Site "Trois-Rivieres CAN"]
[Date "2014.03.15"]
[Round "2"]
[White "Cote, Claude"]
[Black "Lessard, Sylvain"]
[Result "1/2-1/2"]
[WhiteElo "1595"]
[BlackElo "1634"]
[PlyCount "90"]
[EventDate "2014.03.14"]
[EventType "swiss"]
[EventRounds "5"]
[EventCountry "CAN"]

1. e4 Nf6 2. d3 e5 3. g3 Bc5 4. c3 d6 5. Bg2 O-O 6. Nf3 Nc6 7. O-O Bb6 8. Nbd2
a6 9. a3 h6 10. b4 Be6 11. Kh1 Qd7 12. Ng1 Nh7 13. Nc4 Ba7 14. Ne3 Rfe8 15. Bb2
Ne7 16. d4 exd4 17. cxd4 d5 18. Qc2 f5 19. exd5 Nxd5 20. Rac1 c6 21. Nf3 Bb8
22. Ne5 Bxe5 23. dxe5 f4 24. Nxd5 Bxd5 25. f3 fxg3 26. hxg3 Ng5 27. f4 Qh3+ 28.
Kg1 Qxg2+ 29. Qxg2 Bxg2 30. Kxg2 Rad8 31. Rfd1 Ne6 32. Rd6 Nc7 33. Rcd1 Nd5 34.
Rxd8 Rxd8 35. Kf3 g6 36. Re1 Nc7 37. g4 Rd3+ 38. Re3 Rd2 39. Re2 Rd3+ 40. Kg2
Nd5 41. Bc1 Rc3 42. Re1 Ne7 43. Rf1 Rc2+ 44. Kf3 Kf7 45. Rg1 Ke6 1/2-1/2

[Event "Mauricie op U1700"]
[Site "Trois-Rivieres CAN"]
[Date "2014.03.15"]
[Round "2"]
[White "Cyrenne, Dany"]
[Black "Hebert, Pierre"]
[Result "0-1"]
[WhiteElo "1492"]
[BlackElo "1599"]
[PlyCount "86"]
[EventDate "2014.03.14"]
[EventType "swiss"]
[EventRounds "5"]
[EventCountry "CAN"]

1. e4 c5 2. c3 d6 3. d4 cxd4 4. cxd4 Nf6 5. Nc3 g6 6. Nf3 Bg7 7. Bc4 O-O 8. O-O
a6 9. e5 dxe5 10. dxe5 Ng4 11. Bf4 Nc6 12. Re1 e6 13. h3 Nh6 14. Qxd8 Rxd8 15.
Rad1 b5 16. Rxd8+ Nxd8 17. Bb3 Bb7 18. Ne4 Bxe4 19. Rxe4 Nc6 20. Nd4 Na5 21.
Bc2 Nf5 22. Nxf5 gxf5 23. Re2 Nc6 24. Re1 Rc8 25. Rc1 Nxe5 26. g4 Nf3+ 27. Kf1
Bxb2 28. Rd1 Rxc2 29. Bh6 Rc8 30. gxf5 exf5 31. Ke2 Nh4 32. Rd6 Ra8 33. Kd3 Ng6
34. Kc2 Ne5 35. Bf4 Nc4 36. Rc6 Be5 37. Rxc4 bxc4 38. Bxe5 Rc8 39. Kc3 Kf8 40.
Bf6 Ke8 41. a4 Kd7 42. Bd4 Ke6 43. f3 Kd5 0-1